100 osvědčených stavebních detailů: zednictví /

Gespeichert in:
Bibliographische Detailangaben
Hauptverfasser: Štumpa, Bohumil (Verfasst von), Šefců, Ondřej (Verfasst von)
Format: Buch
Sprache:Tschechisch
Veröffentlicht: Praha: Grada publishing, 2011
Ausgabe:1. vyd.
Schriftenreihe:Edícia Stavitel
Schlagworte:
Tags: Tag hinzufügen
Keine Tags, Fügen Sie das erste Tag hinzu!

MARC

LEADER 00000nam a22000003a 4500
001 0085465
003 SK-STU
005 20201215100847.7
007 ta
008 201215s ----xo-----e------000-0-----d
020 |a 978-80-247-3580-1 
040 |a STU  |b slo 
041 0 |a cze  |h cze 
044 |a xr 
100 1 |a Štumpa, Bohumil  |4 aut 
245 1 0 |a 100 osvědčených stavebních detailů:  |b zednictví /  |c aut. Bohumil Štumpa, Ondřej Šefců 
250 |a 1. vyd. 
260 |a Praha:  |b Grada publishing,  |c 2011 
300 |a 216 s. 
490 0 |a Edícia Stavitel 
500 |a Dotlač v roku 2020 
650 0 7 |a murovanie 
650 0 7 |a oporné múry 
650 0 7 |a tehlové stavby 
650 0 7 |a schody 
650 0 7 |a dlažby 
650 0 7 |a komíny 
650 0 7 |a izolácie 
700 1 |a Šefců, Ondřej  |4 aut 
996 |c V* 53115/O-24275  |l VV25  |s P  |a 0  |w 0085465_0001